مكتبة جامعة عجلون الوطنية

فهرس بحث المكتبة

Normal view MARC view
  • القرار الاداري- التنظيم -القانون

Entry Topical Term

Number of records used in: 1

001 - CONTROL NUMBER

  • control field: 58901

003 - CONTROL NUMBER IDENTIFIER

  • control field: JO-AjAnu

005 - DATE AND TIME OF LATEST TRANSACTION

  • control field: 20230606083633.0

008 - FIXED-LENGTH DATA ELEMENTS

  • fixed length control field: 230606|| aca||aabn | a|a d

040 ## - CATALOGING SOURCE

  • Original cataloging agency: JO-AjAnu
  • Transcribing agency: JO-AjAnu

150 ## - HEADING--TOPICAL TERM

  • Topical term or geographic name entry element: القرار الاداري- التنظيم -القانون

670 ## - SOURCE DATA FOUND

  • Source citation: Work cat.: (JO-AjAnu)30046: اعداد القيسي، هيثم خليل ابراهيم، اشراف زيد ابراهيم الغرايبة, author 58900, التنظيم القانوني لركن الاختصاص في القرار الاداري وآثارة القانونية: دراسة مقارنة = The legal organization of the jurisdiction in the administrative decision and its legal effects: comparative study